The refounding of the German Empire (Record no. 552998)
[ view plain ]
| 000 -LEADER | |
|---|---|
| fixed length control field | 00490cam a2200145 i 4500 |
| 082 ## - DEWEY DECIMAL CLASSIFICATION NUMBER | |
| Classification number | 943.076 |
| Author Mark | MAL |
| 100 1# - MAIN ENTRY--PERSONAL NAME | |
| Personal name | Malleson, G. B. |
| 245 14 - TITLE STATEMENT | |
| Title | The refounding of the German Empire |
| Remainder of title | 1848-1871 / |
| Statement of responsibility, etc. | by G. B. Malleson. |
| 260 ## - PUBLICATION, DISTRIBUTION, ETC. | |
| Place of publication, distribution, etc. | London : |
| Name of publisher, distributor, etc. | Seeley and Co. Ltd., |
| Date of publication, distribution, etc. | 1893. |
| 300 ## - PHYSICAL DESCRIPTION | |
| Extent | xi, 326 p. : |
| Other physical details | [9] leaves of plates, maps ; |
| Dimensions | 21 cm. |
| 526 ## - STUDY PROGRAM INFORMATION NOTE | |
| Program name | 0 |
| Interest level | 0 |
| Reading level | 0 |
| Title point value | 943_076000000000000_MAL |
| 590 ## - LOCAL NOTE (RLIN) | |
| Local note | Master negative: 2000-10079-4. |
| 590 ## - LOCAL NOTE (RLIN) | |
| Local note | No. 4 on a reel of 11 titles. |
| 942 ## - ADDED ENTRY ELEMENTS (KOHA) | |
| Source of classification or shelving scheme | |
| Koha item type | Book |
| Withdrawn status | Lost status | Source of classification or shelving scheme | Damaged status | Not for loan | Permanent Location | Current Location | Shelving location | Date acquired | Total Checkouts | Full call number | Barcode | Date last seen | Price effective from | Koha item type |
|---|---|---|---|---|---|---|---|---|---|---|---|---|---|---|
| Military College of Engineering (MCE) | Military College of Engineering (MCE) | 01/28/2015 | 943.076 MAL | MCE-ECR/58 | 01/28/2015 | 01/28/2015 | Book |
